Body, bread, blood : (Record no. 9651)
[ view plain ]
| 000 -LEADER | |
|---|---|
| fixed length control field | 01385cam a2200385 a 4500 |
| 001 - CONTROL NUMBER | |
| control field | 12264477 |
| 003 - CONTROL NUMBER IDENTIFIER | |
| control field | GBCCL |
| 005 - DATE AND TIME OF LATEST TRANSACTION | |
| control field | 20241126110716.0 |
| 008 - FIXED-LENGTH DATA ELEMENTS--GENERAL INFORMATION | |
| fixed length control field | 001030s2000 ii b 000 0 eng |
| 010 ## - | |
| -- | 00410030 |
| 020 ## - INTERNATIONAL STANDARD BOOK NUMBER | |
| International Standard Book Number | 8172145853 |
| 025 ## - OVERSEAS ACQUISITION NUMBER | |
| Overseas acquisition number | I-E-00-410030; 13 |
| 035 ## - SYSTEM CONTROL NUMBER | |
| System control number | (DLC) 00410030 |
| 037 ## - SOURCE OF ACQUISITION | |
| Source of stock number/acquisition | Library of Congress -- New Delhi Field Office |
| Terms of availability | Rs180.00 |
| 040 ## - CATALOGING SOURCE | |
| Original cataloging agency | DLC |
| Transcribing agency | DLC |
| Modifying agency | DLC |
| 042 ## - | |
| -- | lcode |
| 043 ## - | |
| -- | a-ii--- |
| 050 00 - | |
| -- | BV823 |
| -- | .B5849 2000 |
| 082 00 - DEWEY DECIMAL CLASSIFICATION NUMBER | |
| Classification number | 234.1630954 |
| Edition information | 21 |
| Item number | BOD |
| 245 00 - TITLE STATEMENT | |
| Title | Body, bread, blood : |
| Remainder of title | eucharistic perspectives from the Indian church / |
| Statement of responsibility, etc. | edited by Francis Gonsalves ; with a foreword by Archbishop Vincent Concessao. |
| 260 ## - PUBLICATION, DISTRIBUTION, ETC. | |
| Place of publication, distribution, etc. | Delhi : |
| Name of publisher, distributor, etc. | Vidyajyoti/ISPCK, |
| Date of publication, distribution, etc. | 2000. |
| 300 ## - PHYSICAL DESCRIPTION | |
| Extent | xv, 312 p. ; |
| Dimensions | 23 cm. |
| 490 1# - SERIES STATEMENT | |
| Series statement | ISPCK contextual theological education series ; |
| Volume/sequential designation | 21 |
| 504 ## - BIBLIOGRAPHY, ETC. NOTE | |
| Bibliography, etc. note | Includes bibliographical references. |
| 520 ## - SUMMARY, ETC. | |
| Summary, etc. | Contributed articles. |
| 650 #0 - SUBJECT ADDED ENTRY--TOPICAL TERM | |
| Topical term or geographic name entry element | Lord's Supper. |
| 9 (RLIN) | 2158 |
| 650 #0 - SUBJECT ADDED ENTRY--TOPICAL TERM | |
| Topical term or geographic name entry element | Theology, Doctrinal |
| Geographic subdivision | India. |
| 9 (RLIN) | 894 |
| 700 1# - ADDED ENTRY--PERSONAL NAME | |
| Personal name | Gonsalves, Francis, |
| Dates associated with a name | 1960- |
| 9 (RLIN) | 16789 |
| 710 2# - ADDED ENTRY--CORPORATE NAME | |
| Corporate name or jurisdiction name as entry element | Vidyajyoti Education & Welfare Society (Delhi, India) |
| 9 (RLIN) | 2648 |
| 710 2# - ADDED ENTRY--CORPORATE NAME | |
| Corporate name or jurisdiction name as entry element | I.S.P.C.K. (Organization) |
| 9 (RLIN) | 393 |
| 830 #0 - | |
| -- | I.S.P.C.K. C.T.E. series ; |
| -- | 21. |
| -- | 16790 |
| 906 ## - LOCAL DATA ELEMENT F, LDF (RLIN) | |
| a | 7 |
| b | cbc |
| c | origode |
| d | 3 |
| e | ncip |
| f | 20 |
| g | y-gencatlg |
| 942 ## - ADDED ENTRY ELEMENTS (KOHA) | |
| Source of classification or shelving scheme | Dewey Decimal Classification |
| Koha item type | Books |
| Withdrawn status | Lost status | Source of classification or shelving scheme | Damaged status | Not for loan | Home library | Current Library | Shelving location | Date acquired | Total checkouts | Full call number | Barcode | Date last seen | Copy number | Price effective from | Koha item type |
|---|---|---|---|---|---|---|---|---|---|---|---|---|---|---|---|
| Dewey Decimal Classification | GRACE BIBLE COLLEGE | GRACE BIBLE COLLEGE | Theology | 2023-04-10 | 234.1630954 BOD | 016203 | 2025-05-01 | c.1 | 2023-04-10 | Books |